| 000 | 01017nam a2200313Ia 4500 | ||
|---|---|---|---|
| 001 | Z_2105 | ||
| 003 | CHAP | ||
| 008 | 220113s1996 xx 000 0 und d | ||
| 010 | _a165178 | ||
| 040 | _cCHAP | ||
| 090 | _aTesis L 1060 | ||
| 100 |
_aLoera Ruíz, Jorge de _967449 |
||
| 245 |
_aStatus mineral en suelo, forraje y suero sanguíneo en "Ganadera Vaquerías" / _cpor Jorge de Loera Ruíz y Federico Hipólito Villaseca |
||
| 260 |
_aChapingo, Méx. : _bEl autor, _c1996 |
||
| 300 | _a67 h. | ||
| 502 | _aTesis (Ing. Agr. Esp. en Zootecnia) -- UACH. Departamento de Zootecnia | ||
| 650 |
_aAnimales _xElementos minerales _95861 |
||
| 650 |
_aForrajes _xElementos minerales 5 Suero _9139195 |
||
| 650 |
_aGanado Herford _9139196 |
||
| 650 |
_aPlantas _xelementos minerales _988823 |
||
| 650 |
_aSuelos _xElementos minerales _9110356 |
||
| 700 |
_aHipólito Villaseca, Federico _9139197 |
||
| 901 | _aTESIS L 1060 | ||
| 902 | _aM | ||
| 910 | _a1996 | ||
| 942 | _c2 | ||
| 942 | _c2 | ||
| 999 |
_c165178 _d165178 |
||